000
00214 a2200109 4500
020
_a
9780439317344
041
_a
spa
100
_a
Scholastic
245
_a
El perro que grito socorro
942
_c
BK
952
_7
4
999
_c
19629
_d
19629